Österreichische Bundesländer Hauptstädte - Statistiken

Allgemein
  • Dieses Quiz wurde 639 mal gespielt
  • Das Durchschnittsergebnis liegt bei 8 aus 9
Antwortstatistiken
Hint Antwort % Korrekt
Wien Wien
100%
Salzburg Salzburg
97%
Steiermark Graz
95%
Tirol Innsbruck
93%
Oberösterreich Linz
93%
Kärnten Klagenfurt
85%
Vorarlberg Bregenz
81%
Niederösterreich St. Pölten
81%
Burgenland Eisenstadt
76%
Keine übereinstimmenden Quizze gefunden
Verteilung der Resultate
Anzahl Personen mit jedem Resultat
Perzentil nach korrekt beantworteten Fragen
Ihre Resultats-Entwicklung
Sie haben dieses Quiz noch nicht gespielt